000 00550nam a22001937a 4500
003 OSt
005 20251218155130.0
008 251218b |||||||| |||| 00| 0 eng d
040 _cDCL
041 _aEnglish
082 _a959.1
100 0 _aHtin Aung,
_cMaung
245 1 0 _aHistory of Burma /
_cMaung Htin Aung.
260 _aLondon :
_bColumbia University Press,
_c1967.
300 _ax, 363 pages :
_bmap ;
_c20 cm.
504 _aIncludes bibliographical notes and index.
651 _aMyanmar
_vHistory
942 _2ddc
_cSHORT TERM
_n0
999 _c2755
_d2755